Planet mercury : from pale pink dot to dynamic world / David A. Rothery. (Record no. 20686)

000 -LEADER
fixed length control field 01826nam a22001577a 4500
020 ## - INTERNATIONAL STANDARD BOOK NUMBER
ISBN 9783319121178
082 ## - DEWEY DECIMAL CLASSIFICATION NUMBER
Classification number 523.41
Item number R744 2015
100 ## - MAIN ENTRY--AUTHOR NAME
Personal name Rothery, David A. author.
245 ## - TITLE STATEMENT
Title Planet mercury : from pale pink dot to dynamic world / David A. Rothery.
260 ## - PUBLICATION, DISTRIBUTION, ETC. (IMPRINT)
Place of publication Switzerland :
Name of publisher Springer International Publishing,
Year of publication © 2015.
300 ## - PHYSICAL DESCRIPTION
Number of Pages 1 online resource, [unnumbered pages] :
Other physical details color illustrations
500 ## - GENERAL NOTE
General note Includes index.
520 ## - SUMMARY, ETC.
Summary, etc A new and detailed picture of Mercury is emerging thanks to NASA's MESSENGER mission that spent four years in orbit about the Sun's innermost planet. Comprehensively illustrated by close-up images and other data, the author describes Mercury's landscapes from a geological perspective: from sublimation hollows, to volcanic vents, to lava plains, to giant thrust faults. He considers what its giant core, internal structure and weird composition have to tell us about the formation and evolution of a planet so close to the Sun. This is of special significance in view of the discovery of so many exoplanets in similarly close orbits about their stars. Mercury generates its own magnetic field, like the Earth (but unlike Venus, Mars and the Moon), and the interplay between Mercury's and the Sun's magnetic field affects many processes on its surface and in the rich and diverse exosphere of neutral and charged particles surrounding the planet. There is much about Mercury that we still don't understand. Accessible to the amateur, but also a handy state-of-the-art digest for students and researchers, the book shows how our knowledge of Mercury developed over the past century of ground-based, fly-by and orbital observations, and looks ahead at the mysteries remaining for future missions to explore.
650 ## - SUBJECT ADDED ENTRY--TOPICAL TERM
Topical Term Mercury (Planet) -- Geology.
942 ## - ADDED ENTRY ELEMENTS (KOHA)
Koha item type Electronic Books
Holdings
Source of acquisition Permanent Location Date acquired Collection code Koha item type Lost status Shelving location Withdrawn status Current Location Full call number
DonationCagayan State University - Carig Library2025-05-23E-BooksElectronic Books E-Resource Section Cagayan State University - Carig Library523.41 R744 2015.

Cagayan State University University Library, Carig Campus
Tuguegarao City, Cagayan 3500 | www.csucarig.edu.ph

Powered by Koha